Religion Quiz

Random Religion or Verse Quiz

Fruit of the Spirit Quiz Stats

 Plays Quiz Updated Feb 20, 2020

Support Sporcle.
Go Orange.
Score 0/9 Timer 01:30
1 Play Today
% Correct
Love
93.4%
Peace
79%
Joy
78.1%
Kindness
75.6%
Patience
73.4%
Faithfulness
63.2%
Goodness
61.9%
Self-control
61.3%
Gentleness
57.8%

From the Vault

Countries of Antarctica

by Matt

If it weren't for all those penguins, we're not sure anyone would know that Antarctica exists at all.
Remove Ads.
Support Sporcle.
Get the best of Sporcle when you Go Orange. This ad-free experience offers more features, more stats, and more fun while also helping to support Sporcle. Thank you for becoming a member.

Show Comments

Extras

Top Quizzes Today


Score Distribution

Your Account Isn't Verified!

In order to create a playlist on Sporcle, you need to verify the email address you used during registration. Go to your Sporcle Settings to finish the process.

Report this User

Report this user for behavior that violates our Community Guidelines.

Details: